00712nam a2200253 a 4500001001300000003000900013005001700022008004100039020001000080082001800090100001600108245003400124260004000158300000900198500003500207505001700242650001800259650001700277700001600294902000800310942000700318952011800325999001500443nice12345678IN_TiNIC20260116011432.0050524s1923 lona grp 000 0 eng  ac10000a297.0958bGIB aGibb, H A R aArab Conquest in Central Asia aLondonbRoyal Asiatic Societyc1923 a102p aincludes index and biblioraphy2 aBibliography aIslam-History aCentral Asia1 aGibb, H A R bSRS cBK 001040708StackRoom-aHMIbHMId2007-07-26g100.00l0o297.0958 GIBp01005r2007-07-26v100.00w2005-05-24yBK c1507d1507